Chrst's Passion: (Record no. 11074)

MARC details
000 -LEADER
fixed length control field 00673nam a2200241 a 4500
001 - CONTROL NUMBER
control field 0001-1074
003 - CONTROL NUMBER IDENTIFIER
control field ELIB.Books
008 - FIXED-LENGTH DATA ELEMENTS--GENERAL INFORMATION
fixed length control field 150108 2010 eng
020 ## - INTERNATIONAL STANDARD BOOK NUMBER
International Standard Book Number KBTS
035 ## - SYSTEM CONTROL NUMBER
System control number (ELIB.Books)0001-1229
092 ## - LOCALLY ASSIGNED DEWEY CALL NUMBER (OCLC)
Classification number 232
Item number Ken
100 ## - MAIN ENTRY--PERSONAL NAME
Personal name Kennedy, James.
245 ## - TITLE STATEMENT
Title Chrst's Passion:
Remainder of title The Power and The Promise
260 ## - PUBLICATION, DISTRIBUTION, ETC. (IMPRINT)
Place of publication, distribution, etc. Florida
Name of publisher, distributor, etc. Coral Ridge Ministries
Date of publication, distribution, etc. 2004
300 ## - PHYSICAL DESCRIPTION
Extent 197
Dimensions 21.5 Cm
500 ## - GENERAL NOTE
General note C/o Moe Lwai
650 ## - SUBJECT ADDED ENTRY--TOPICAL TERM
Topical term or geographic name as entry element Exploring the Perspective of Mission through the Life of Jesus Christ
856 ## - ELECTRONIC LOCATION AND ACCESS
Name of location of host KBTS; Elib.
Uniform Resource Identifier <a href="KBTS; Library">KBTS; Library</a>
942 ## - ADDED ENTRY ELEMENTS (KOHA)
Source of classification or shelving scheme Dewey Decimal Classification
Koha item type Books
990 ## - EQUIVALENCES OR CROSS-REFERENCES [LOCAL, CANADA]
Link information for 9XX fields 1
998 ## - LOCAL CONTROL INFORMATION (RLIN)
Cataloger's initials, CIN (RLIN) bat
-- 2015-01-08
Holdings
Withdrawn status Lost status Source of classification or shelving scheme Damaged status Not for loan Home library Current library Date acquired Total Checkouts Barcode Date last seen Bill Date Koha item type
    Dewey Decimal Classification     Karen Baptist Theological Seminary Library Karen Baptist Theological Seminary Library 08/01/2015   15297 22/01/2022 22/01/2022 Books
Implemented & Customized by: BestBookBuddies

Powered by Koha